Statistiques concernant Drapeaux des pays qui bordent la Russie - une minute sprint

Cliquez ici pour prendre le quiz!

Statistiques générales

  • Ce quiz a été pris 171 fois
  • Le résultat moyen est 12 sur 14

Statistiques - réponses

drapeaupays% Correct
Chine
100%
Finlande
98%
Ukraine
96%
Pologne
94%
Norvège
93%
Estonie
92%
Géorgie
91%
Biélorussie
86%
Kazakhstan
86%
Lettonie
83%
Lituanie
82%
Corée du Nord
79%
Mongolie
75%
Azerbaïdjan
70%

Distribution des résultats

Percentile par nombre de réponses

% des personnes avec chaque résultat

Votre développement - résultats

Vous n’avez pas pris ce quiz